000 00276nam a22001217a 4500
008 171123b xxu||||| |||| 00| 0 eng d
041 _aeng
080 _a62
100 _a27
101 _aMEK
245 _aKNOWLEDGE ENGINEERING IN AGRICULTURE
_cBARRETT,J.R
942 _2udc
_cBK
999 _c38354
_d38354